El poder y lo posible (sus sentidos en Aristóteles).
Kaydedildi:
| Yazar: | |
|---|---|
| Materyal Türü: | Kitap |
| Dil: | İngilizce |
| Baskı/Yayın Bilgisi: |
Pamplona, España:
Ediciones Universidad de Navarra,
1989.
|
| Konular: | |
| Etiketler: |
Etiketle
Etiket eklenmemiş, İlk siz ekleyin!
|
MARC
| LEADER | 00000nam a22000007a 4500 | ||
|---|---|---|---|
| 003 | CL-VaPUC | ||
| 005 | 20241127085258.0 | ||
| 008 | 220616b1989 ||||| |||| 00| 0 eng d | ||
| 999 | |c 436063 |d 436061 | ||
| 040 | |c Pontificia Universidad Católica de Valparaíso | ||
| 082 | 7 | |a 185 GOM 1989 |2 22 | |
| 100 | 1 | |a Gómez Cabranes, Leonor |e autora |9 870815 | |
| 245 | |a El poder y lo posible (sus sentidos en Aristóteles). | ||
| 260 | |a Pamplona, España: |b Ediciones Universidad de Navarra, |c 1989. | ||
| 300 | |a 485 páginas. | ||
| 500 | |a c.1 Donación Familia Prof. Alejandro Guzmán Brito. | ||
| 583 | |c 20220616 |k Cristina María Rojas Aguilar | ||
| 600 | 0 | |a Aristóteles, |d 384 a.C.- 322 a.C. |9 194 | |
| 650 | |a Metafísica |9 265649 | ||
| 942 | |2 ddc |c BK |n 0 | ||
| 952 | |0 0 |1 0 |2 ddc |4 0 |6 185_000000000000000_GOM_1989 |7 0 |8 C_AGB |9 583792 |a BIBDER |b BIBDER |d 2022-06-16 |e Donación |i 5651916 |o 185 GOM 1989 |p 5651916 |r 2023-01-25 |t 1 |w 2022-06-16 |y BK_US |k AGB | ||